| 000 | 00630nam a2200217 i 4500 | ||
|---|---|---|---|
| 001 | 185129 | ||
| 003 | ES-MaACL | ||
| 005 | 20230906222343.0 | ||
| 008 | 160323s1949 fr |||| | spa d | ||
| 080 | _a159.964.2:398.31 | ||
| 100 | 1 |
_aBachelard, Gaston. _924466 |
|
| 245 | 1 | 3 |
_aLa psychanalyse du feu / _cGaston Bachelard. |
| 260 |
_a[Paris] : _bGallimard, _c[1949] |
||
| 300 |
_a184 p. ; _c17 cm. |
||
| 490 | 1 |
_aIdées ; _v73 |
|
| 650 | 0 | 4 |
_aPsicoanálisis. _916530 |
| 650 | 0 | 4 |
_aFuego. _912987 |
| 830 | 0 |
_aIdées ; _v73 _9177440 |
|
| 852 |
_aES-MaACL _jL-30293 _z. - Donat. Miguel A. Velasco |
||
| 999 |
_c185129 _d185129 |
||